İstanbulum (Record no. 11374)

MARC details
000 -BAŞLIK
Sabit Uzunlukta Kontrol Alanı 00816na a2200265 4500
001 - KONTROL NUMARASI
Denetim Alanı 21764
003 - KONTROL NUMARASI IDENTIFIER
Denetim Alanı MIRAKIL
005 - SON İŞLEM TARİHİ VE ZAMANI
Denetim Alanı 20181226092843.0
008 - SABİT-BOY VERİ ELEMANLARI - GENEL BİLGİLER
Sabit Uzunlukta Kontrol Alanı 170215b tu n0 0 0
035 ## - SİSTEM KONTROL NUMARASI
Sistem Kontrol Numarası 20919
040 ## - KATALOGLAMA KAYNAK
Orijinal Kataloglama Ajansı Milas
Kataloglama Dili tur
Metne Dönüştürmek Ajansı TR-AnCHP
041 ## - DİL KODU
Metin / Ses Parça Veya Ayrı Başlığın Dil Kodu tur
082 ## - DEWEY ONLU SINIFLANDIRMA NUMARASI
Sınıflandırma Numarası 050
Ürün Numarası İST 2007-
090 ## - SINIFLAMA NUMARASI
Sınıflama Numarası 050 DER 7
245 ## - BAŞLIK TABLOSU
Başlık İstanbulum
260 ## - YAYIN, DAĞITIM, VB
Yayın, Dağıtım, Vb Yeri İstanbul
Yayıncı, Dağıtıcı, Vs Adı Bak Yayıncılık Ltd. Şti
Yayın, Dağıtım, Vb Tarihi 2007-
300 ## - FİZİKSEL TANIM
Kapsam c.
Diğer Fiziksel Ayrıntıları rnk. res.
Boyutlar 29 sm.
362 ## - YAYIN VE / VEYA SIRALI GÖREVLENDİRİLMESİNE TARİHLERİ
Yayın Ve / Veya Ardışık Kullanım Amacı Tarihleri 1. sayı (Mart 2007)-
500 ## - GENEL NOT
Genel Not Mevcut sayılar: (Tanıtım Özel Sayısı) Mart 2007; (Kurultay Özel Sayı) 2007; (2) Nisan 2007; (3) Mayıs 2007; (4) Haziran 2007
500 ## - GENEL NOT
Genel Not Aktüalite ve magazin dergisi
650 ## - KONU KATMA GİRİŞ - TOPİKAL DÖNEM
Topikal Süreli Veya Coğrafi Ad Giriş Elemanı Kent kültürü
Genel Alt Bölümü Magazin dergisi
651 ## - KONU KATMA GİRİŞ - COĞRAFİ ADI
Coğrafi İsim İstanbul
Kronolojik Alt Bölümü Süreli yayınlar
942 ## - EKLENDİ GİRİŞ ELEMANLARI (KOHA)
Sınıflandırma Veya Raf Düzeni Kaynak Dewey Decimal Classification
Koha Öğesi Türü Serials
999 ## - SİSTEM KONTROL NUMARALARI (KOHA)
Koha Biblionumber 11374
Koha Biblioitemnumber 11374
310 ## - MEVCUT YAYIN FREKANSI
Güncel Yayın Frekansı Aylık
Holdings
Kullanım Kısıtlamaları Kalıcı Konum Mevcut Konum Edinme Tarihi Kodlu Konum Eleme Toplam Check-Out'Lar Tam Çağrı Numarası Barkod Tarih Son Görülme İtibaren Geçerli Fiyatlar Sigara Kamu Notu Koha Öğesi Türü
Kütüphane dışına çıkarılamaz CHP Kütüphanesi CHP Kütüphanesi 02/07/2017 SÜRELİ YAYINLAR   050 DER 114 D007 02/07/2017 02/07/2017 Serials